000 00643nam a2200193Ia 4500
008 151121s9999||||xx |||||||||||||| ||und||
082 _a814/खातू
082 _bHNW-21323
100 _aखातू गजानन
245 _aआवाकयातल्या गोष्टी
260 _b"सिध्द प्रभाकर , पुणे"
260 _c--
300 _a28
600 _aखातू गजानन
630 _aआवाकयातल्या गोष्टी
700 _aखातू गजानन
730 _aआवाकयातल्या गोष्टी
942 _cBOOK
999 _c1221496
_d1221493